000 00672nam a22001937a 4500
999 _c194370
_d194370
005 20221216145316.0
010 _aUR-11799
020 _a9789392496486
_c200.00
035 _aU-10354
037 _bDBAD/PUB
_a-
082 _a841
100 _aطرزی ، عبد المنان
245 _aمتفرفات طرزی /
_cعبد المنان طرزی
_hا ر د و
246 _aMutafarreqat-E-Tarzi /
_bby Abdul Mannan Tarzi ; compiled by Ehteshamul Haque
260 _aDelhi
_bEducational Publishing House
_c2021 ء
270 _aH.o. D1/16, Ansari Road, daryaganj
_bNew Delhi
_e110002
300 _a208 ص
_c23cm(Hb)
942 _2ddc
_cUR
_mط ر ز
_h841